Konjugation werden - Statistiken

Allgemein
  • Dieses Quiz wurde 60 mal gespielt
  • Das Durchschnittsergebnis liegt bei 23 aus 92
Antwortstatistiken
Antwort % Korrekt
werde
100%
werden
100%
werden
100%
werdet
100%
wird
100%
wirst
100%
wurde
85%
wurde
85%
wurden
85%
wurden
85%
wurdest
85%
wurdet
85%
waren geworden
49%
waren geworden
49%
war geworden
49%
war geworden
49%
warst geworden
49%
wart/waret geworden
49%
werden
45%
bin geworden
32%
bist geworden
32%
ist geworden
32%
seid geworden
30%
sind geworden
30%
sind geworden
30%
werden
28%
werden
28%
werdet
28%
werde
26%
wirst werden
23%
werden werden
21%
werdet werden
21%
werde werden
21%
wird werden
21%
werden werden
19%
geworden
15%
werde
15%
würde
13%
würde
13%
würden
13%
würden
13%
würdest
13%
würdet
13%
geworden sein
11%
wäre geworden
9%
wäre geworden
9%
wären geworden
9%
wären geworden
9%
wärst/wärest geworden
9%
wärt/wäret geworden
9%
werde
9%
werden
9%
werden
9%
werdend
9%
werdest
9%
werdet
9%
würden werden
9%
würden werden
9%
würdest werden
9%
würdet werden
9%
würde werden
9%
würde werden
9%
seien geworden
6%
seien geworden
6%
seiet geworden
6%
sei geworden
6%
sei geworden
6%
seist/seiest geworden
6%
werden werden
4%
werden werden
4%
werdest werden
4%
werdet werden
4%
werde werden
4%
werde werden
4%
würde geworden werden
4%
würde geworden werden
4%
würden geworden werden
4%
würden geworden werden
4%
würdest geworden werden
4%
würdet geworden werden
4%
werde geworden werden
2%
werde geworden werden
2%
werde geworden werden
2%
werden geworden werden
2%
werden geworden werden
2%
werden geworden werden
2%
werden geworden werden
2%
werdest geworden werden
2%
werdet geworden werden
2%
werdet geworden werden
2%
wird geworden werden
2%
wirst geworden werden
2%
Keine übereinstimmenden Quizze gefunden
Verteilung der Resultate
Anzahl Personen mit jedem Resultat
Perzentil nach korrekt beantworteten Fragen
Ihre Resultats-Entwicklung
Sie haben dieses Quiz noch nicht gespielt